Advanced accounting
Đã lưu trong:
| 主要作者: | |
|---|---|
| 格式: | 图书 |
| 语言: | Undetermined |
| 出版: |
New York
Holt, Rinehart and Winston, Inc
1971
|
| 主题: | |
| 标签: |
添加标签
没有标签, 成为第一个标记此记录!
|
| Thư viện lưu trữ: | Trung tâm Học liệu Trường Đại học Cần Thơ |
|---|
| LEADER | 00518nam a2200181Ia 4500 | ||
|---|---|---|---|
| 001 | CTU_68730 | ||
| 008 | 210402s9999 xx 000 0 und d | ||
| 082 | |a 657 | ||
| 082 | |b C782 | ||
| 100 | |a Copeland, Ronald | ||
| 245 | 0 | |a Advanced accounting | |
| 245 | 0 | |c Ronald Copeland, D. Larry Crumbley, Joseph F. Wojdak | |
| 260 | |a New York | ||
| 260 | |b Holt, Rinehart and Winston, Inc | ||
| 260 | |c 1971 | ||
| 650 | |a Accounting | ||
| 904 | |i Trúc Phương | ||
| 980 | |a Trung tâm Học liệu Trường Đại học Cần Thơ | ||